000 00686nam a2200241 a 4500
999 _c5707
_d5707
001 5707
003 BD-JhCC
005 20200401134007.0
008 171220s19652008bg |||| || | 000 0 eng d
035 _a(BD-JhCC)5707
040 _aBD-JhCC
_dBD-JhCC
041 _aeng
082 _a513.33
_bMOH 2008
100 _aMohammad, Khosh
245 _aA Text Book on Integral Calculus with differential equations /
_cKhosh Mohammad, P. K. Bhattacharjee and Md. Abdul Latif
260 _aDhaka :
_bNew book Place,
_c2008.
300 _a503 p. :
_c24 cm.
650 _aCalculus
700 _aBhattacharjee P. K.
700 _aLatif, Md. Abdul
942 _2ddc
_cBK
_02